00973nam a22002537a 4500003000500000005001700005008004100022010001000063011001000073035001100083040000900094100002800103245014800131260004000279300003000319502013000349530003600479650001600515650001300531650002900544650005000573700003200623856006400655CHAP20220329143524.0100331s2009 mx r 00010 spa d a97952 a98924 a109609 cCHAP1 aIslas Caballero, Alicia10aCaracterización del ecoturismo en el Estado de Veracruz y Región de los Tuxtlasc/por Alicia Islas Caballero y Eva Lizbet Landa Domínguez aChapingo, Méx. :bEl autor,c2009 aiv, 93 h. :bilus., mapas aTesis (Lic. en Comercio internacional de productos agropecuarios) -- UACH. División de Ciencias Económico Administrativas aTambién disponible en línea14aEcoturismo.14aParques.14aProyectos de desarrollo.14aRecursos naturalesxConservaciónzVeracruz.1 aLanda Dominguez, Eva Lizbet 3Finding aiduhttp://10.13.5.2/tesis/109609.pdfzTeclea aqui